| 000 | 00000nas 2200000zi 4500 |
| 001 | 9.948621 |
| 003 | CaOODSP |
| 005 | 20250304142445 |
| 006 | m o d f |
| 007 | cr ||||||||||| |
| 008 | 250303d19251950onc x m o f0###|0eng|d |
| 040 | |aCaOODSP|beng|erda|cCaOODSP |
| 043 | |an-cn--- |
| 086 | 1 |aFs52-5E-PDF |
| 245 | 00|aManuscript reports of the experimental stations. |
| 264 | 1|aOttawa : |bBiological Board of Canada, |c1925-1950. |
| 310 | |aIrregular |
| 336 | |atext|btxt|2rdacontent |
| 337 | |acomputer|bc|2rdamedia |
| 338 | |aonline resource|bcr|2rdacarrier |
| 362 | 0 |aNo. 1 (1925)-no. 57 (1950). |
| 500 | |aPlace of publication varies, reports issued by the various experimental stations. |
| 500 | |aDigitized edition from print [produced by Department of Fisheries and Oceans]. |
| 550 | |aNo. 57 issued by Fisheries Research Board of Canada. |
| 650 | 0|aFisheries|zCanada. |
| 650 | 0|aMarine biology|zCanada. |
| 650 | 6|aPêches|zCanada. |
| 650 | 6|aBiologie marine|zCanada. |
| 710 | 2 |aBiological Board of Canada. |
| 710 | 2 |aFisheries Research Board of Canada. |
| 785 | 00|tManuscript report series (technological).|w(CaOODSP)9.948701 |